=LDR 00000nam 2200000 4500 =001 NUTBA000000000000098 =005 20140315112603.0 =006 =007 =008 =020 ##$$a 979-9185-26--2 =035 ##$$a 0010-031400000000097 =082 ##$$a 510 =090 ##$$a 510.RUS D =100 ##$$a Ruseffendi,E.T $c Prof,Spd.M.Sc =245 ##$$a Dasar - Dasar Matematika =250 ##$$a Ed5 =260 ##$$a Bandung $b Tarsito $c 2002 =300 ##$$a xvi,576hlm $b ilus $c 21cm =850 ##$$a NBPNMAT